| 000 | 00912nab a22002297a 4500 | ||
|---|---|---|---|
| 999 |
_c5932 _d5932 |
||
| 003 | OSt | ||
| 005 | 20260114010627.0 | ||
| 008 | 190605e xxu||||| |||| 00| 0 spa d | ||
| 040 | _cPJ | ||
| 100 |
_96784 _aLutereau, Tomás |
||
| 245 | 1 | 0 |
_aDNU 70/2023 : _b¿el trabajo registrado en peligro? / _cTomás Lutereau. |
| 260 |
_aCiudad Autónoma de Buenos Aires : _bThomson Reuters La Ley, _c2024. |
||
| 300 | _ap. 5-8 | ||
| 500 | _aCita: TR LALEY AR/DOC/105/2024. | ||
| 505 | _t¿Te interesa el texto completo? Solicitalo al correo: koha@justierradelfuego.gov.ar | ||
| 650 | 0 |
_91316 _aDERECHO LABORAL |
|
| 650 | 0 |
_9200 _aDECRETOS DE NECESIDAD Y URGENCIA |
|
| 650 | 0 |
_91323 _aCONTRATO DE TRABAJO |
|
| 650 | 0 |
_91570 _aDERECHOS DEL TRABAJADOR |
|
| 773 | 0 |
_02711 _93168 _dCiudad Autónoma de Buenos Aires : Thomson Reuters La Ley, 1999-2002. _tRevista de derecho del trabajo. Nº 2 - Marzo 2024 |
|
| 942 |
_2udc _cANA |
||